BIBLIOTHÈQUE DE LA MAISON DU MEXIQUE

Logo 1 Logo 2

La entrada de las tropas estadunidenses a la ciudad de México (notice nᵒ 5774)

détails MARC
000 -Sello discográfico
campo de control de longitud fija 01213nam0a2200313 4500
005 - Identificación de versión
campo de control 20251016084522.0
010 ## - Número Estándar Internacional de Libros (ISBN)
Número (ISBN) 970-684-051-6
035 ## - Otros números de control del sistema
Número de control del sistema 5297
099 ## - fechas locales
Tipo de ítem Koha LIBRO
100 ## - Datos de procesamiento general
Datos de procesamiento general 20120705d2002 m y0spay5003 ba
105 ## - Campo de datos codificados: Material textual, monográfico
Datos codificados de monografía a 001zy
200 1# - Título y mención de responsabilidad
Título propio La entrada de las tropas estadunidenses a la ciudad de México
Designación general del material texto impreso
Otra información del título la mirada de Carl Nebel
Primer mención de responsabilidad Fabiola García Rubio
205 ## - Declaración de edición
Declaración de edición 1a ed
210 ## - Publicación, distribución, etc.
Lugar de publicación, distribución, etc. México
Nombre del editor, distribuidor, etc. Instituto de Investigaciones Dr. José María Luis Mora
Fecha de publicación, distribución, etc. 2002
215 ## - Descripción física
Designación de material específico y extensión del ítem 132 p
Otras características físicas il.
Dimensiones 23 cm
320 ## - Nota de índices/bibliografías internas
Texto de la nota Incluye bibliografía: p.115-124 e índice onomástico
345 ## - Nota de información de adquisición
Fuente de adquisición/dirección de la suscripción [OBSOLETO] Donación de Fabiola García Rubio
410 #1 - Series
Título Historia social y cultural
600 ## - Nombre personal usado como materia
Elemento de entrada Nebel
Parte del nombre distinta del elemento de entrada Carl
Fechas 1805-1855
Subdivisión temática Historia y crítica
Número Koha 11073
607 ## - Nombre geográfico utilizado como tema
Elemento de entrada Ciudad de México
Subdivisión temática Historia
Subdivisión cronológica Invasión americana, septiembre de 1847
Número Koha 11074
607 ## - Nombre geográfico utilizado como tema
Elemento de entrada Estados Unidos
Subdivisión temática Historia
Subdivisión cronológica Guerra con México, 1845-1848
Número Koha 2356
700 ## - Nombre personal - Responsabilidad primaria
Elemento de entrada García Rubio
Parte del nombre distinta del elemento de entrada Fabiola
Número Koha 11075
801 #0 - Fuente de origen
País FR
Agencia cm
Reglas de catalogación (convenciones descriptivas) AFNOR
900 ## -
-- 1/21287
942 ## - ELEMENTOS DE ENTRADA SECUNDARIOS (KOHA)
Tipo de ítem Koha Livre
996 ## -
-- MEX
-- 751145101
-- MMAG
-- 003027
-- 972.05 G216E
-- 20120705LIV
Exemplaires
Estatus retirado Estado de daño Estado de pérdida Fecha de adquisición Biblioteca de origen Biblioteca actual Ubicación en estantería Código de barras Precio de reemplazo Signatura topográfica completa No para préstamo Tipo de ítem Koha Nota pública Nota no pública
      05/08/2025 Casa México Paris Casa México Paris   003027 05/08/2025 972.05 G216E   Livre 20120705LIV 751145101